| 000 | 01528nam a2200253 i 4500 | ||
|---|---|---|---|
| 001 | 153493 | ||
| 003 | ES-MaACL | ||
| 005 | 20251205141858.0 | ||
| 008 | 931025s1787 sp |||| | spa d | ||
| 040 |
_aCARM _bspa _cPAB |
||
| 100 | 0 |
_aDiego José de Cádiz _cBeato. _944566 |
|
| 245 | 1 | 0 |
_aModélo de inquisidores en la fé, y en el Celo, que a su ministerio corresponde _b: sermon panegyrico-historico-moral ... , con que los ... Señores Comisario, Alguacil Mayor ... , y Familiares del Santo Tribunal de la Inquisicion de Cordoba, en la Ciudad de Ecija, celebraron en el Real Convento de Santo Domingo, y S. Pablo dia 29 de Abril ... de 1786 a ... San Pedro de Verona, martyr / _cdixo ... Fr. Diego Josef de Cadiz ... , del Orden de Menores Capuchinos de N. S. P. S. Francisco ... ; dalo a la prensa el Conde de Val-Hermoso de Cardenas... |
| 260 |
_aCon licencia en Ecija : _ben la imprenta de D. Benito Daza, _c[1787?] |
||
| 300 |
_a100 [i.e. 96] p. ; _c4º. |
||
| 500 | _aEncabezamiento completado con Aguilar, III, p. 53. | ||
| 594 | _aPrecede al tit.: "Jesus, Maria, y Josef" | ||
| 597 | _aSign.: A-K4, L6, N2. | ||
| 597 | _aError de pag., de p. 88 pasa a 93. Error tip. de sign., en L3 consta *. | ||
| 600 | 0 | 4 |
_aPedro Mártir, _cSanto _9155211 |
| 650 | 0 | 7 |
_aSermones _2embne _9136819 |
| 700 | 2 |
_aVal-Hermoso de Cardenas, _cConde de _9133490 |
|
| 852 |
_aES-MaACL _jR-3093(3) _z-- Enc. hol., falto de la enc. original _z-- Enc. en un vol. facticio _x-- Olim: T-132-F |
||
| 999 |
_c153493 _d153493 |
||